<?xml version="1.0" encoding="UTF-8"?>
<collection xmlns="http://www.loc.gov/MARC21/slim">
 <record>
  <leader>     na                 </leader>
  <controlfield tag="001">INLIS000000000862910</controlfield>
  <controlfield tag="005">20210726020202</controlfield>
  <datafield tag="035" ind1=" " ind2=" ">
   <subfield code="a">0010-0721001145</subfield>
  </datafield>
  <controlfield tag="007">ta</controlfield>
  <controlfield tag="008">210708s2014    yoia   gs           ind d</controlfield>
  <datafield tag="336" ind1=" " ind2=" ">
   <subfield code="2">rdacontent</subfield>
   <subfield code="a">teks</subfield>
  </datafield>
  <datafield tag="337" ind1=" " ind2=" ">
   <subfield code="2">rdamedia</subfield>
   <subfield code="a">komputer</subfield>
  </datafield>
  <datafield tag="338" ind1=" " ind2=" ">
   <subfield code="2">rdacarrier</subfield>
   <subfield code="a">sumber sambung jaring</subfield>
  </datafield>
  <datafield tag="040" ind1=" " ind2=" ">
   <subfield code="a">YOPDYOG</subfield>
   <subfield code="b">ind</subfield>
   <subfield code="e">rda</subfield>
  </datafield>
  <datafield tag="100" ind1="0" ind2=" ">
   <subfield code="a">Baskara T. Wardaya SJ</subfield>
   <subfield code="e">penulis</subfield>
   <subfield code="t">Tragedi kemanusiaan tahun 1965-1966 di Indonesia, konteks dan dampaknya</subfield>
  </datafield>
  <datafield tag="245" ind1="1" ind2="0">
   <subfield code="a">Luka bangsa luka kita :</subfield>
   <subfield code="b">pelanggaran HAM masa lalu dan tawaran rekonsiliasi [sumber elektronik] /</subfield>
   <subfield code="c">penulis, Baskara T. Wardaya SJ, Komisi Nasional Hak Asasi Manusia Republik Indonesia, Stanley Adi Prasetyo, Ita F. Nadia,  Asvi Warman Adam, Agung Putri, Ahmad Suaedi, Elfansuri, M.M. Billah, Yosef Djakababa, Nurlaela A.K. Lamasitudju; penyunting, Baskara T. Wardaya SJ</subfield>
  </datafield>
  <datafield tag="300" ind1=" " ind2=" ">
   <subfield code="a">1 berkas komputer (7.1 MB)</subfield>
  </datafield>
  <datafield tag="020" ind1=" " ind2=" ">
   <subfield code="a">978-602-9431-32-2</subfield>
  </datafield>
  <datafield tag="082" ind1="0" ind2="4">
   <subfield code="2">23</subfield>
   <subfield code="a">341.48</subfield>
  </datafield>
  <datafield tag="084" ind1=" " ind2=" ">
   <subfield code="a">341.48 BAS l</subfield>
  </datafield>
  <datafield tag="264" ind1="3" ind2="1">
   <subfield code="a">Yogyakarta :</subfield>
   <subfield code="b">Galang Press,</subfield>
   <subfield code="c">2014</subfield>
  </datafield>
  <datafield tag="500" ind1=" " ind2=" ">
   <subfield code="a">Untuk mengakses buku ini silakan unduh aplikasi http://ijogja.id</subfield>
  </datafield>
  <datafield tag="538" ind1=" " ind2=" ">
   <subfield code="a">Android : versi 4.0 atau di atasnya, memori 1 GB, layar tampilan 4-inch</subfield>
  </datafield>
  <datafield tag="650" ind1=" " ind2="4">
   <subfield code="a">Kejahatan terhadap hak asasi</subfield>
  </datafield>
  <datafield tag="852" ind1="8" ind2=" ">
   <subfield code="a">aplikasi iJogja</subfield>
  </datafield>
  <datafield tag="856" ind1="4" ind2="0">
   <subfield code="n">Perpustakaan Digital iJogja</subfield>
   <subfield code="u">http://ijogja.id /publications/books/15035</subfield>
  </datafield>
  <datafield tag="710" ind1="2" ind2=" ">
   <subfield code="a">Komisi Nasional Hak Asasi Manusia Republik Indonesia</subfield>
   <subfield code="e">penulis</subfield>
   <subfield code="t">Ringkasan eksekutif hasil penyelidikan Tim Ad Hoc Penyelidikan PElanggaran HAM yang berat peristiwa 1965-1966</subfield>
  </datafield>
  <datafield tag="700" ind1="0" ind2=" ">
   <subfield code="a">Stanley Adi Prasetyo</subfield>
   <subfield code="e">penulis</subfield>
   <subfield code="t">Penyelidikan pelanggaran HAM berat Soeharto</subfield>
  </datafield>
  <datafield tag="700" ind1="0" ind2=" ">
   <subfield code="a">Ita F. Nadia</subfield>
   <subfield code="e">penulis</subfield>
   <subfield code="t">Laporan akhir Tim Pengkajian Pelanggaran HAM berat  Soeharto (Sub-Tim Pengkajian kasus 1965)</subfield>
  </datafield>
  <datafield tag="700" ind1="0" ind2=" ">
   <subfield code="a">Asvi Warman Adam</subfield>
   <subfield code="e">penulis</subfield>
   <subfield code="t">Laporan akhir Tim Pengkajian Pelanggaran HAM berat  Soeharto (Sub-Tim Pengkajian kasus 1965)</subfield>
  </datafield>
  <datafield tag="700" ind1="0" ind2=" ">
   <subfield code="a">Agung Putri</subfield>
   <subfield code="e">penulis</subfield>
   <subfield code="t">Laporan akhir Tim Pengkajian Pelanggaran HAM berat  Soeharto (Sub-Tim Pengkajian kasus 1965)</subfield>
  </datafield>
  <datafield tag="700" ind1="0" ind2=" ">
   <subfield code="a">Ahmad Suaedi</subfield>
   <subfield code="e">penulis</subfield>
   <subfield code="t">Laporan akhir Tim Pengkajian Pelanggaran HAM berat  Soeharto (Sub-Tim Pengkajian kasus 1965)</subfield>
  </datafield>
  <datafield tag="700" ind1="0" ind2=" ">
   <subfield code="a">Elfansuri</subfield>
   <subfield code="e">penulis</subfield>
   <subfield code="t">Laporan akhir Tim Pengkajian Pelanggaran HAM berat  Soeharto (Sub-Tim Pengkajian kasus 1965)</subfield>
  </datafield>
  <datafield tag="700" ind1="1" ind2=" ">
   <subfield code="a">Billah, M.M.</subfield>
   <subfield code="e">penulis</subfield>
   <subfield code="t">Laporan akhir Tim Pengkajian Pelanggaran HAM berat  Soeharto (Sub-Tim Pengkajian kasus 1965)</subfield>
  </datafield>
  <datafield tag="700" ind1="0" ind2=" ">
   <subfield code="a">Yosef Djakababa</subfield>
   <subfield code="e">penulis</subfield>
   <subfield code="t">Narasi resmi dan alternatif mengenai tragedi ‘65</subfield>
  </datafield>
  <datafield tag="700" ind1="0" ind2=" ">
   <subfield code="a">Nurlaela A.K. Lamasitudju</subfield>
   <subfield code="e">penulis</subfield>
   <subfield code="t">Rekonsiliasi dan pernyataan maaf Pak Wali Kota</subfield>
  </datafield>
  <datafield tag="990" ind1=" " ind2=" ">
   <subfield code="a">001989-EPD/B.2016</subfield>
  </datafield>
  <datafield tag="990" ind1=" " ind2=" ">
   <subfield code="a">001990-EPD/B.2016</subfield>
  </datafield>
 </record>
</collection>
